Optimalizačné prístupy pri skúmaní ceny v procese zefektívňovania rozvoja socialistickej ekonomiky kandidátska dizertačná práca

Enregistré dans:
Détails bibliographiques
Auteur principal: Nemcová, Anna
Collectivité auteur: Vysoká škola ekonomická v Bratislave. Národohospodárska fakulta
Autres auteurs: Plichta, Juraj
Format: Livre
Langue:slovaque
Publié: Bratislava 1984
Tags: Ajouter un tag
Pas de tags, Soyez le premier à ajouter un tag!

MARC

LEADER 00000nam a2200000 4500
001 c034012
005 20221220085354.6
041 0 |a slo 
044 |a SK 
245 1 0 |a Optimalizačné prístupy pri skúmaní ceny v procese zefektívňovania rozvoja socialistickej ekonomiky  |b kandidátska dizertačná práca  |c Anna Nemcová ; Ved. práce Juraj Plichta 
264 1 |a Bratislava  |c 1984 
300 |a 172 s. 
100 1 |a Nemcová, Anna 
700 1 |a Plichta, Juraj 
710 2 |a Vysoká škola ekonomická v Bratislave. Národohospodárska fakulta